Oracle: OCP building internet applications I & II :exam guide (Record no. 48167)

MARC details
000 -LEADER
fixed length control field 00476nam a2200181 a 4500
005 - DATE AND TIME OF LATEST TRANSACTION
control field 20130821124900.0
008 - FIXED-LENGTH DATA ELEMENTS--GENERAL INFORMATION
fixed length control field 960221s1955 dcuabcdjdbkoqu001 0deng d
020 ## - INTERNATIONAL STANDARD BOOK NUMBER
International Standard Book Number 007-047417-6
080 ## - UNIVERSAL DECIMAL CLASSIFICATION NUMBER
Universal Decimal Classification number 004.652.4.77 ORA
Item number ALL
100 ## - MAIN ENTRY--PERSONAL NAME
Personal name Allen, Christopher
245 ## - TITLE STATEMENT
Title Oracle: OCP building internet applications I & II :exam guide
260 ## - PUBLICATION, DISTRIBUTION, ETC. (IMPRINT)
Place of publication, distribution, etc New Delhi
Name of publisher, distributor, etc Tata McGraw-Hill
Date of publication, distribution, etc 2001
300 ## - PHYSICAL DESCRIPTION
Extent xxviii, 410p.
500 ## - GENERAL NOTE
General note
653 ## - INDEX TERM--UNCONTROLLED
Uncontrolled term Oracle
942 ## - ADDED ENTRY ELEMENTS (KOHA)
item type Books
003 - CONTROL NUMBER IDENTIFIER
control field ViArRB
Holdings
Lost status Source of classification or shelving scheme Not for loan Home library Current library Date acquired Total Checkouts Full call number Barcode Date last seen Price effective from Koha item type
  Universal Decimal Classification   University Library University Library 16/06/2010   004.652.4.77 ORA ALL 00052120 16/06/2010 16/06/2010 Books
University Library, CUSAT